[Event "Sharjah Rapid"]
[Site "Sharjah"]
[Date "2023.03.26"]
[Round "4"]
[White "Al Qudaimi, Basheer"]
[Black "Mohammed, Tarig Elther"]
[Result "1/2-1/2"]
[WhiteElo "2401"]
[BlackElo "2061"]
[PlyCount "157"]
[EventDate "2023.03.26"]
[EventType "swiss (rapid)"]
[EventRounds "9"]
[EventCountry "UAE"]
[SourceTitle "CBM 213 Extra"]
[Source "ChessBase"]
[SourceDate "2023.05.31"]
[SourceVersion "1"]
[SourceVersionDate "2023.05.31"]
[SourceQuality "1"]

1. e4 c5 2. Ne2 Nc6 3. d4 cxd4 4. Nxd4 Nf6 5. Nc3 e5 6. Ndb5 d6 7. Nd5 Nxd5 8. exd5 Nb8 9. c4 Be7 10. Be2 0-0 11. 0-0 f5 12. f4 a6 13. Nc3 e4 14. Be3 Nd7 15. b4 b6 16. Qb3 Kh8 17. Rac1 Rb8 18. Bd1 Bb7 19. Ne2 Bf6 20. Nd4 Bxd4 21. Bxd4 Qe7 22. Be2 Qf7 23. Rfd1 Rbc8 24. b5 a5 25. Rc3 Rc5 26. Rg3 Nf6 27. Bxc5 dxc5 28. Qc3 Rd8 29. Qe5 Ne8 30. Qe6 Nd6 31. Re3 Bc8 32. Qe5 Qd7 33. h3 Re8 34. Qc3 Qe7 35. g4 Qh4 36. Qe1 Qxe1+ 37. Rxe1 g6 38. Kf2 Rf8 39. Kg3 Bd7 40. Rh1 Bc8 41. g5 Bd7 42. h4 Kg7 43. h5 Be8 44. Kf2 Bf7 45. Reh3 Re8 46. hxg6 Bxg6 47. Ke3 Nf7 48. Kd2 Rh8 49. Bh5 Rd8 50. Bxg6 hxg6 51. Rh7+ Kg8 52. Ke3 Rd6 53. Kf2 Rd8 54. Ke3 Rd6 55. Kd2 Rd8 56. Kc3 Rd6 57. R7h2 Rd8 58. Rd1 Rd6 59. a3 Kg7 60. Rdh1 Kg8 61. Rh3 Rd8 62. R1h2 Rd6 63. Rh7 Rd8 64. R7h4 Rd6 65. R4h3 Rd8 66. d6 Rxd6 67. Rd2 Rxd2 68. Kxd2 Kf8 69. Ke2 Ke7 70. Kd2 Kf8 71. Kc3 Ke7 72. Rh1 Kf8 73. Rh7 Kg8 74. Rh1 Kf8 75. Rd1 Ke7 76. Rh1 Kf8 77. a4 Kg8 78. Rd1 Kf8 79. Rd7 1/2-1/2

[Event "Dubai op 17th"]
[Site "Dubai"]
[Date "2015.04.06"]
[Round "1"]
[White "Shimanov, Aleksandr"]
[Black "Mohammed, Tarig Elther"]
[Result "1-0"]
[WhiteElo "2594"]
[BlackElo "2094"]
[PlyCount "131"]
[EventDate "2015.04.06"]
[EventType "swiss"]
[EventRounds "9"]
[EventCountry "UAE"]
[SourceTitle "CBM 165 Extra"]
[Source "ChessBase"]
[SourceDate "2015.04.21"]
[SourceVersion "1"]
[SourceVersionDate "2015.04.21"]
[SourceQuality "1"]

1. e4 d5 2. exd5 Qxd5 3. Nc3 Qd6 4. d4 c6 5. Nf3 Nf6 6. Ne5 Nbd7 7. Nc4 Qc7 8. g3 Nb6 9. Ne5 Be6 10. Bf4 Qd8 11. Bg2 g6 12. 0-0 Bg7 13. Re1 0-0 14. Qd2 Nfd7 15. Nf3 Nc4 16. Qc1 c5 17. d5 Bxc3 18. dxe6 Bxb2 19. Qd1 Ndb6 20. exf7+ Rxf7 21. Qxd8+ Rxd8 22. Rad1 Rxd1 23. Rxd1 e5 24. Bh6 Rd7 25. Rxd7 Nxd7 26. Ng5 Nd6 27. Bd5+ Kh8 28. Ne6 Nb6 29. Bg2 Nd7 30. Bg5 Kg8 31. Nd8 e4 32. Bh3 Ne5 33. Be7 Nef7 34. Be6 Kg7 35. Bd5 Nxd8 36. Bxd6 Bd4 37. Bxe4 Kf6 38. c4 Nc6 39. Bxc6 bxc6 40. Kg2 Ke6 41. Bb8 a6 42. Kf3 h5 43. h3 Kf6 44. Bf4 Ke6 45. Be3 Ke5 46. Ke2 Kd6 47. Kd3 Bf6 48. Ke4 Be7 49. f4 Ke6 50. g4 hxg4 51. hxg4 Bf8 52. Kd3 Be7 53. Kc2 Kd6 54. Kb3 Bd8 55. Ka4 Bc7 56. a3 Bb6 57. Bd2 Ke6 58. Ba5 Ba7 59. f5+ gxf5 60. gxf5+ Kxf5 61. Bc7 Ke4 62. Ka5 Kd4 63. Kxa6 Kxc4 64. a4 Kb3 65. a5 Ka4 66. Kxa7 1-0

[Event "Al Ain rapid"]
[Site "Al Ain"]
[Date "2014.12.18"]
[Round "5"]
[White "Mohammed, Tarig Elther"]
[Black "Hilwani, Talal"]
[Result "0-1"]
[WhiteElo "2045"]
[BlackElo "2375"]
[PlyCount "94"]
[EventDate "2014.12.18"]
[EventType "swiss (rapid)"]
[EventRounds "7"]
[EventCountry "UAE"]
[SourceTitle "EXT 2016"]
[Source "ChessBase"]
[SourceDate "2015.10.08"]
[SourceVersion "1"]
[SourceVersionDate "2015.10.08"]
[SourceQuality "1"]

1. d4 Nf6 2. Nf3 c5 3. Nc3 cxd4 4. Nxd4 d5 5. Bg5 e6 6. e3 Be7 7. Bd3 h6 8. Bh4 Nc6 9. Bg3 0-0 10. 0-0 Bd7 11. a3 Rc8 12. Rc1 Qb6 13. Rb1 Na5 14. Nce2 Nc4 15. Bxc4 Rxc4 16. c3 Ne4 17. Be5 Re8 18. f3 Nd6 19. Kh1 Bf8 20. Qe1 Rcc8 21. Bg3 Nc4 22. Qc1 e5 23. Nc2 Bf5 24. Bf2 Qb3 25. e4 dxe4 26. Ng3 e3 27. Nxf5 exf2 28. Rxf2 Rcd8 29. Nce3 Nb6 30. Qc2 Qe6 31. Rd1 g6 32. Ng3 f5 33. Nef1 h5 34. Rfd2 Rxd2 35. Qxd2 h4 36. Ne2 Nc4 37. Qg5 Be7 38. Qc1 Kg7 39. Ne3 Bg5 40. f4 exf4 41. Nxc4 Qxe2 42. Nd6 Re7 43. Qb1 f3 44. Rg1 Be3 45. Nxf5+ gxf5 46. Qxf5 f2 47. Qf3 Qxf3 0-1

[Event "Abu Dhabi op 22nd"]
[Site "Abu Dhabi"]
[Date "2014.08.27"]
[Round "8"]
[White "Khouri, Ibrahim Mohamed"]
[Black "Mohammed, Tarig Elther"]
[Result "1-0"]
[WhiteElo "2225"]
[BlackElo "2052"]
[PlyCount "71"]
[EventDate "2014.08.20"]
[EventType "swiss"]
[EventRounds "9"]
[EventCountry "UAE"]
[SourceTitle "CBM 162 Extra"]
[Source "ChessBase"]
[SourceDate "2014.10.17"]
[SourceVersion "1"]
[SourceVersionDate "2014.10.17"]
[SourceQuality "1"]

1. e4 c5 2. Nf3 e6 3. d4 cxd4 4. Nxd4 a6 5. Bd3 b5 6. 0-0 Ne7 7. a4 b4 8. Nd2 Nbc6 9. Nc4 Qc7 10. Nxc6 Nxc6 11. Be3 Be7 12. Qg4 Bf6 13. Bb6 Qb8 14. Bc5 Ne5 15. Nxe5 Bxe5 16. f4 Bxb2 17. e5 d6 18. Bxd6 Qb6+ 19. Kh1 Bxa1 20. Rxa1 Bb7 21. Qg5 f6 22. Qh5+ g6 23. Bxg6+ Kd7 24. Bd3 Bxg2+ 25. Kxg2 Rag8+ 26. Kf3 Qc6+ 27. Ke3 Qb6+ 28. Kf3 Qc6+ 29. Be4 Qc3+ 30. Ke2 Rg7 31. Rd1 Kc8 32. Qf3 Qxf3+ 33. Bxf3 Rf7 34. exf6 Rd8 35. Be7 Rxd1 36. Kxd1 1-0

[Event "Abu Dhabi op 22nd"]
[Site "Abu Dhabi"]
[Date "2014.08.25"]
[Round "6"]
[White "Al Halila, Ayman"]
[Black "Mohammed, Tarig Elther"]
[Result "1-0"]
[WhiteElo "2161"]
[BlackElo "2052"]
[PlyCount "53"]
[EventDate "2014.08.20"]
[EventType "swiss"]
[EventRounds "9"]
[EventCountry "UAE"]
[SourceTitle "CBM 162 Extra"]
[Source "ChessBase"]
[SourceDate "2014.10.17"]
[SourceVersion "1"]
[SourceVersionDate "2014.10.17"]
[SourceQuality "1"]

1. Nf3 Nf6 2. c4 c5 3. e3 g6 4. b3 Bg7 5. Bb2 d6 6. Be2 Nc6 7. 0-0 0-0 8. d3 Bf5 9. Nh4 Qc8 10. f4 Bg4 11. Nc3 Qe6 12. Qd2 Bxe2 13. Qxe2 Ng4 14. Rae1 Qd7 15. f5 Nxe3 16. f6 Bh6 17. fxe7 Qxe7 18. Qf2 Qd8 19. Nd5 Nxd5 20. cxd5 Ne5 21. Qg3 Bg7 22. Re2 Bf6 23. Nf5 Re8 24. Ref2 Bg5 25. h4 Rf8 26. Nxd6 Qxd6 27. Bxe5 1-0

[Event "Abu Dhabi op 22nd"]
[Site "Abu Dhabi"]
[Date "2014.08.24"]
[Round "5"]
[White "Mohammed, Tarig Elther"]
[Black "Gadimbayli, Abdulla Azar"]
[Result "1/2-1/2"]
[WhiteElo "2052"]
[BlackElo "2162"]
[PlyCount "82"]
[EventDate "2014.08.20"]
[EventType "swiss"]
[EventRounds "9"]
[EventCountry "UAE"]
[SourceTitle "CBM 162 Extra"]
[Source "ChessBase"]
[SourceDate "2014.10.17"]
[SourceVersion "1"]
[SourceVersionDate "2014.10.17"]
[SourceQuality "1"]

1. e4 e6 2. d4 d5 3. e5 c5 4. c3 Nc6 5. Nf3 Bd7 6. a3 Nge7 7. b4 cxd4 8. cxd4 Nc8 9. Bd3 Be7 10. h4 h6 11. Nc3 Nb6 12. Qd2 a5 13. b5 Na7 14. Qf4 Rc8 15. Bd2 Nc4 16. Bxc4 Rxc4 17. a4 Bb4 18. Ne2 Qe7 19. 0-0 0-0 20. Rfc1 Rfc8 21. Rxc4 Rxc4 22. Be3 Nc8 23. Ng3 Qf8 24. Nh5 Ne7 25. g4 Bc3 26. Rc1 Ng6 27. Qg3 Qc8 28. g5 hxg5 29. Qxg5 Bb4 30. Rxc4 dxc4 31. Nxg7 Be7 32. Qh6 Qf8 33. Nh5 Qxh6 34. Bxh6 Nxh4 35. Nxh4 Bxh4 36. Nf6+ Bxf6 37. exf6 Kh7 38. Bd2 Kg6 39. Bxa5 Kxf6 40. Kg2 Kf5 41. Kf3 f6 1/2-1/2

[Event "Abu Dhabi op 22nd"]
[Site "Abu Dhabi"]
[Date "2014.08.23"]
[Round "4"]
[White "Kryvoruchko, Vita"]
[Black "Mohammed, Tarig Elther"]
[Result "1-0"]
[WhiteElo "2185"]
[BlackElo "2052"]
[PlyCount "65"]
[EventDate "2014.08.20"]
[EventType "swiss"]
[EventRounds "9"]
[EventCountry "UAE"]
[SourceTitle "CBM 162 Extra"]
[Source "ChessBase"]
[SourceDate "2014.10.17"]
[SourceVersion "1"]
[SourceVersionDate "2014.10.17"]
[SourceQuality "1"]

1. e4 c5 2. Nc3 e6 3. g3 Nc6 4. Bg2 Nge7 5. f4 d6 6. Nf3 g6 7. 0-0 Bg7 8. d3 0-0 9. Be3 b5 10. d4 b4 11. Ne2 cxd4 12. Nexd4 Ba6 13. Rf2 Qc7 14. Rd2 Na5 15. b3 d5 16. e5 Rfb8 17. a3 bxa3 18. Rxa3 Bc8 19. Qa1 Nac6 20. c4 a6 21. Nb5 Qd8 22. Nd6 Bf8 23. Ng5 Nf5 24. Ngxf7 Qc7 25. Bf2 Nxd6 26. Nxd6 Bxd6 27. exd6 Qxd6 28. cxd5 Rb5 29. dxe6 Qxd2 30. Bxc6 Rab8 31. Ra2 Rxb3 32. Rxd2 Rb1+ 33. Kg2 1-0